000
00235nam a22001097a 4500
999
_c
12697
_d
12697
082
_a
954.91
100
_a
Ahmed Saleem
245
_a
Pakistan Ki Siyasi Tareekh
250
_a
Vol.1
260
_a
Pakistan
_b
Darulshaour
_c
2018
942
_c
BK